00389nam a2200145 a 4500008004100000020001500041050001300056245002500069246003000094260005100124300001000175350000900185650000800194650004100202120416s1984 ||||||||||||||||| || u a0950587680 aK 86 Int14aThe land and the law areport of the proceedings aHampshirebInternational Bar Associationc1984 a150p. a0.00 aLAW aLAND MANAGEMENT--LAW AND LEGISLATION